| 000 -LEADER |
| fixed length control field |
01082nam a22003497a 4500 |
| 001 - CONTROL NUMBER |
| control field |
16295602 |
| 003 - CONTROL NUMBER IDENTIFIER |
| control field |
OSt |
| 005 - DATE AND TIME OF LATEST TRANSACTION |
| control field |
20210426115037.0 |
| 008 - FIXED-LENGTH DATA ELEMENTS--GENERAL INFORMATION |
| fixed length control field |
100621s2010 mnua 001 0 eng |
| 010 ## - LIBRARY OF CONGRESS CONTROL NUMBER |
| LC control number |
2010288832 |
| 020 ## - INTERNATIONAL STANDARD BOOK NUMBER |
| International Standard Book Number |
9780314200594 |
| 040 ## - CATALOGING SOURCE |
| Original cataloging agency |
DLC |
| Transcribing agency |
DLC |
| 043 ## - GEOGRAPHIC AREA CODE |
| Geographic area code |
n-us--- |
| 050 00 - LIBRARY OF CONGRESS CALL NUMBER |
| Classification number |
KF1355 |
| Item number |
.B875 2010 |
| 080 ## - UNIVERSAL DECIMAL CLASSIFICATION NUMBER |
| Universal Decimal Classification number |
65 |
| Item number |
B-97 |
| 100 ## - MAIN ENTRY--PERSONAL NAME |
| 9 (RLIN) |
782 |
| Personal name |
Esptein,David G. |
| 245 00 - TITLE STATEMENT |
| Title |
Business structures / |
| Statement of responsibility, etc. |
by David G. Epstein ... [et al.]. |
| 250 ## - EDITION STATEMENT |
| Edition statement |
3rd ed. |
| 260 ## - PUBLICATION, DISTRIBUTION, ETC. |
| Place of publication, distribution, etc. |
St. Paul, MN : |
| Name of publisher, distributor, etc. |
Thomson/West, |
| Date of publication, distribution, etc. |
c2010. |
| 300 ## - PHYSICAL DESCRIPTION |
| Extent |
643 p. : |
| Other physical details |
ill. ; |
| Dimensions |
27 cm. |
| 490 0# - SERIES STATEMENT |
| Series statement |
American casebook series |
| 500 ## - GENERAL NOTE |
| General note |
Includes index. |
| 650 #0 - SUBJECT ADDED ENTRY--TOPICAL TERM |
| Topical term or geographic name entry element |
Business enterprises |
| General subdivision |
Law and legislation |
| Geographic subdivision |
United States |
| Form subdivision |
Cases. |
| 653 ## - INDEX TERM--UNCONTROLLED |
| Uncontrolled term |
ბიზნესი |
| 700 1# - ADDED ENTRY--PERSONAL NAME |
| Personal name |
Epstein, David G., |
| Dates associated with a name |
1943- |
| 700 ## - ADDED ENTRY--PERSONAL NAME |
| Personal name |
Shepherd,George B. |
| 9 (RLIN) |
785 |
| 700 ## - ADDED ENTRY--PERSONAL NAME |
| Personal name |
Robert,Mchael G. |
| 9 (RLIN) |
784 |
| 700 ## - ADDED ENTRY--PERSONAL NAME |
| Personal name |
Freer,Richard D. |
| 9 (RLIN) |
783 |
| 906 ## - LOCAL DATA ELEMENT F, LDF (RLIN) |
| a |
7 |
| b |
cbc |
| c |
origcop |
| d |
2 |
| e |
ncip |
| f |
20 |
| g |
y-gencatlg |
| 942 ## - ADDED ENTRY ELEMENTS (KOHA) |
| Source of classification or shelving scheme |
|
| Koha item type |
Books |